<?xml version="1.0" encoding="UTF-8"?>
<collection xmlns="http://www.loc.gov/MARC21/slim">
 <record>
  <leader>01150nam a22002051a 4500</leader>
  <controlfield tag="001">1/45500</controlfield>
  <controlfield tag="008">140923s2011    gr d     b    001 0 gre d</controlfield>
  <datafield tag="020" ind1=" " ind2=" ">
   <subfield code="a">9789604041992</subfield>
  </datafield>
  <datafield tag="035" ind1=" " ind2=" ">
   <subfield code="l">48460</subfield>
  </datafield>
  <datafield tag="040" ind1=" " ind2=" ">
   <subfield code="a">GR-PeUP</subfield>
  </datafield>
  <datafield tag="082" ind1="0" ind2="0">
   <subfield code="a">333.793 2 ΗΛΕ</subfield>
  </datafield>
  <datafield tag="245" ind1="0" ind2="0">
   <subfield code="a">Ηλεκτροπαραγωγή στην Ελλάδα :</subfield>
   <subfield code="b">ορυκτά καύσιμα, ανανεώσιμες πηγές ενέργειας και προοπτική ενεργειακού εφοδιασμού /</subfield>
   <subfield code="c">επιμέλεια Λουκά Γ. Χριστοφόρου.</subfield>
  </datafield>
  <datafield tag="260" ind1=" " ind2=" ">
   <subfield code="a">Αθήνα :</subfield>
   <subfield code="b">[Ακαδημία Αθηνών],</subfield>
   <subfield code="c">2011.</subfield>
  </datafield>
  <datafield tag="300" ind1=" " ind2=" ">
   <subfield code="a">212 σ. :</subfield>
   <subfield code="b">πιν., διαγρ. ;</subfield>
   <subfield code="c">28 εκ.</subfield>
  </datafield>
  <datafield tag="504" ind1=" " ind2=" ">
   <subfield code="a">Περιέχει βιβλιογραφία και ευρετήριο.</subfield>
  </datafield>
  <datafield tag="650" ind1=" " ind2="4">
   <subfield code="a">Ηλεκτρική ενέργεια</subfield>
   <subfield code="x">Παραγωγή.</subfield>
  </datafield>
  <datafield tag="650" ind1=" " ind2="4">
   <subfield code="a">Πηγές ενεργείας</subfield>
   <subfield code="z">Ελλάδα.</subfield>
  </datafield>
  <datafield tag="700" ind1="1" ind2=" ">
   <subfield code="a">Χριστοφόρου , Λουκάς Γ. ,</subfield>
   <subfield code="d">1937-</subfield>
  </datafield>
  <datafield tag="710" ind1="2" ind2=" ">
   <subfield code="a">Ακαδημία Αθηνών.</subfield>
   <subfield code="b">Επιτροπή Ενέργειας.</subfield>
  </datafield>
  <datafield tag="852" ind1=" " ind2=" ">
   <subfield code="a">INST</subfield>
   <subfield code="b">UNIPILB</subfield>
   <subfield code="c">MAIN</subfield>
   <subfield code="e">20140923</subfield>
   <subfield code="h">333.793 2 ΗΛΕ</subfield>
   <subfield code="p">00172013</subfield>
   <subfield code="q">00172013</subfield>
   <subfield code="t">LOAN</subfield>
   <subfield code="y">0</subfield>
   <subfield code="4">1</subfield>
  </datafield>
 </record>
</collection>
